Documentos para la historia de Santo Domingo / (Registro nro. 7186)

Detalles MARC
000 -LIDER
fixed length control field 01749nam a2200385 a 4500
001 - NÚMERO DE CONTROL
Identificador de número de control 000038987
003 - IDENTIFICACDOR DE NÚMERO DE CONTROL
control field 000038987
005 - DATE AND TIME OF LATEST TRANSACTION
control field 20180403151133.0
008 - ELEMENTOS DE LONGITUD FIJA
fixed length control field 130510s1973 es 001 0 spa d
020 ## - ISBN
International Standard Book Number 8439907753
040 ## - FUENTE DE CATALOGACIÓN
Agencia que crea de manera original el registro BPMSU
Idioma de catalogación spa
Agencia que realiza la transcripción BPMSU
082 ## - NÚMERO DE CLASIFICACIÓN DECIMAL DE DEWEY
Classification number 972.93
Item number D637h
245 00 - MENCIÓN DE TITULO
Título Documentos para la historia de Santo Domingo /
Mención de responsabilidad edición, prefacios, notas e índices Máximo Coiscou Henríquez.
260 ## - PUBLICACIÓN, DISTRIBUCIÓN, ETC. (PIE DE IMPRENTA)
Lugar de publicación, distribución, etc Madrid :
Nombre del editor, distribuidor, etc. [Rivadeneyra,
Fecha de publicación, distribución, etc 1973].
300 ## - DESCRIPCIÓN FÍSICA
Extensión 2v. ;
Dimensiones 23 cm.
500 ## - NOTA GENERAL
Nota general La biblioteca posee v. 1
500 ## - NOTA GENERAL
Nota general Edición, prefacios, notas, índices, etcétera, del doctor Máximo Coiscou Henríquez, encargado de investigaciones históricas en archivos y bibliotecas de España y de Francia, profesor jubilado de historia de Santo Domingo y de metodología y crítica históricas de la Universidad de Santo Domingo, R.D.
500 ## - NOTA GENERAL
Nota general Incluye referencias bibliográficas y notas al pie de las páginas
504 ## - NOTA DE BIBLIOGRAFÍA, ETC.
Bibliography, etc Incluye bibliografía y notas al pie de páginas.
651 #4 - ENCABEZAMIENTO DE MATERIA--NOMBRE GEOGRÁFICO
Nombre geográfico REPÚBLICA DOMINICANA
Subdivisión temática general HISTORIA
651 #4 - ENCABEZAMIENTO DE MATERIA--NOMBRE GEOGRÁFICO
Nombre geográfico ISLA ESPAÑOLA (HAITI Y REPÚBLICA DOMINICANA)
Subdivisión temática general HISTORIA
700 1# - ASIENTO SECUNDARIO -- NOMBRE PERSONAL
Nombre personal Coiscou Henríquez, Máximo,
Mención de responsabilidad comp.
910 ## - VALIDACIÓN
Validación Validado. Control de calidad EMS.
942 ## - ADDED ENTRY ELEMENTS (KOHA)
Source of classification or shelving scheme Dewey Decimal Classification
Koha item type Libros
945 ## - INFORMACIÓN DE PROCESAMIENTO LOCAL
Información de procesamiento local Remanejado para la BNPHU
956 ## - LOCAL ELECTRONIC LOCATION AND ACCESS (OCLC)
Nombre de host DGARCIA
Número de acceso 10
Información de compresión 20130510
Inicio de sesión BND01
Procesador de solicitud 0959
956 ## - LOCAL ELECTRONIC LOCATION AND ACCESS (OCLC)
Nombre de host DGARCIA
Número de acceso 10
Información de compresión 20130510
Inicio de sesión BND01
Procesador de solicitud 0959
956 ## - LOCAL ELECTRONIC LOCATION AND ACCESS (OCLC)
Nombre de host KLANTIGUA
Número de acceso 10
Información de compresión 20130528
Inicio de sesión BND01
Procesador de solicitud 1119
956 ## - LOCAL ELECTRONIC LOCATION AND ACCESS (OCLC)
Nombre de host KLANTIGUA
Número de acceso 10
Información de compresión 20130626
Inicio de sesión BND01
Procesador de solicitud 1107
956 ## - LOCAL ELECTRONIC LOCATION AND ACCESS (OCLC)
Nombre de host EMARRERO
Número de acceso 40
Información de compresión 20140423
Inicio de sesión BND01
Procesador de solicitud 0048
956 ## - LOCAL ELECTRONIC LOCATION AND ACCESS (OCLC)
Nombre de host EMARRERO
Número de acceso 40
Información de compresión 20140424
Inicio de sesión BND01
Procesador de solicitud 2310
956 ## - LOCAL ELECTRONIC LOCATION AND ACCESS (OCLC)
Nombre de host EMARRERO
Número de acceso 40
Información de compresión 20140424
Inicio de sesión BND01
Procesador de solicitud 2312
956 ## - LOCAL ELECTRONIC LOCATION AND ACCESS (OCLC)
Nombre de host EMARRERO
Número de acceso 40
Información de compresión 20140424
Inicio de sesión BND01
Procesador de solicitud 2314
956 ## - LOCAL ELECTRONIC LOCATION AND ACCESS (OCLC)
Nombre de host EMARRERO
Número de acceso 40
Información de compresión 20140424
Inicio de sesión BND01
Procesador de solicitud 2316
Existencias
Withdrawn status Lost status Source of classification or shelving scheme Damaged status Not for loan Collection code Home library Current library Date acquired Total Checkouts Full call number Barcode Date last seen Price effective from Koha item type
    Dewey Decimal Classification     Colección Dominicana Biblioteca Pública Metropolitana Salomé Ureña Biblioteca Pública Metropolitana Salomé Ureña 07/16/2014   972.93 D637h v.1 BPMSU15040623 07/16/2014 07/16/2014 Libros